header

Otherworld journeys (Record no. 3946)

MARC details
000 -LEADER
fixed length control field 01235nam a2200301Ia 4500
100 1# - MAIN ENTRY--AUTHOR NAME
Personal name Zaleski, Carol.
245 10 - TITLE STATEMENT
Title Otherworld journeys
260 ## - PUBLICATION, DISTRIBUTION, ETC. (IMPRINT)
Place of publication New York ;
-- Oxford :
Name of publisher Oxford University Press,
Year of publication 1988, c1987.
300 ## - PHYSICAL DESCRIPTION
Number of Pages ix, 275 p.
650 #0 - SUBJECT ADDED ENTRY--TOPICAL TERM
Topical Term Near-death experiences
Topical Term Voyages to the otherworld.
856 40 - ELECTRONIC LOCATION AND ACCESS
Uniform Resource Identifier http://site.ebrary.com/lib/rucke/Doc?id=10279393

No items available.

© 2026 Rongo University
Contact us: librarian | system librarian | Rongo university